| 000 | 00992nam a2200241 a 4500 | ||
|---|---|---|---|
| 003 | OSt | ||
| 005 | 20251010121501.0 | ||
| 008 | 101012s2020 dr 000 0 spa d | ||
| 020 | _a9789945807349 | ||
| 040 |
_aDO-SdBNP _bspa _cBNPHU |
||
| 082 | 4 |
_a303.625 _bV145d _222 |
|
| 100 | 1 |
_aValdez, Manuel _946323 _d1965- |
|
| 245 | 1 | 3 |
_a¿Destruirá el terrorismo al mundo? : _buna cosmovisión de la geopolítica y de como el terrorismo y el crimen organizado amenazan la paz mundial, el orden internacional y la supervivencia del planeta / _cManuel Valdez. |
| 260 |
_aSanto Domingo : _bMBC, _c2020. |
||
| 300 |
_a247 p. ; _bil., fots., mapas, _c22 cm. |
||
| 500 | _aIncluye datos biográficos del autor en la contracubierta | ||
| 590 | _aInventariado, 2021/ YL | ||
| 590 | _aLa biblioteca posee tres (3) ejemplares autografiados por el autor. | ||
| 650 | 0 |
_aTerrorismo _93230 |
|
| 650 | 0 |
_aCrimen organizado _922377 |
|
| 910 | _aYLOCKWARD/Validado., Control de calidad MFF | ||
| 942 |
_2ddc _cLBS1 |
||
| 999 |
_c49622 _d49622 |
||